00430nam a2200181Ia 4500008004000000020001800040041000800058082001600066100001800082245004700100260003100147300000800178650001100186650001000197650001500207650001800222650000800240210210b2007 xxu||||| |||| 00| 0 eng d a9788190480314 aeng a070.49 CHAV aCHANDRA (P K) aVisual communication and photo journalism aDelhibNot Mentionedc2007 a272 aVisual aphoto ajournalism acommunication aand